| 000 | 02701nam0a2200505 4500 | ||
|---|---|---|---|
| 001 | RU\NLR\bibl\1986242 | ||
| 005 | 20260408091632.0 | ||
| 010 |
_a978-5-89982-398-5 _9100 |
||
| 021 |
_aRU _b2012-96141 _97115 |
||
| 035 | _a(nilc)LIBNET\0000257906 | ||
| 035 | _a(NLR Aleph) 001974855 | ||
| 090 |
_a4007076 _c4007076 |
||
| 100 | _a20120717d2012 |||y0rusy50 ca | ||
| 101 | 0 | _arus | |
| 102 | _aRU | ||
| 105 | _aa ||||||||| | ||
| 200 | 1 |
_aЭкспериментальная и инновационная деятельность в сфере образования детей особой заботы _eсборник материалов педагогического форума, Омск, 2 декабря 2011 г. _f[редкол.: Беленькая Е.М. и др.] |
|
| 210 |
_aОмск _cБОУДПО "ИРООО" _d2012 |
||
| 215 |
_a100 с. _cил. _d21 |
||
| 300 | _aВ надзаг.: Бюджет. образоват. учреждение доп. проф. образования "Ин-т развития образования Ом. обл.", Каф. педагогики и психологии общ. и спец. образования, Инновац. комплекс "Образование детей особой заботы" | ||
| 320 | _aБиблиогр. в конце ст. | ||
| 606 | 1 |
_aДети с ограниченными возможностями здоровья _jСъезды, совещания и т.п. _xВоспитание и обучение _92068376 _3RU\NLR\auth\661243020 |
|
| 606 | 1 |
_aСпециальное (коррекционное) образование _jСъезды, совещания и т.п. _xИнновации _92661783 _3RU\NLR\AUTH\6601749810 |
|
| 610 | 1 | _aДети-сироты | |
| 610 | 1 | _aПедагогика коррекционная | |
| 610 | 1 | _aПедагогика специальная | |
| 610 | 1 | _aДети умственно-отсталые | |
| 610 | 1 | _aНарушение развития | |
| 610 | 1 | _aОбучение коррекционное | |
| 686 |
_a74.50я4 _vLBC/M _2rubbk |
||
| 686 |
_a74.022.7я4 _vLBC/M _2rubbk |
||
| 686 |
_a74.202.42я4 _vLBC/M _2rubbk |
||
| 686 | _aЮ948.25я431 | ||
| 686 | _aЧ430.1я431 | ||
| 702 | 1 |
_aБеленькая _bЕ. М. _gЕлена Марковна _4340 |
|
| 711 | 1 | 2 |
_aПедагогический форум _f2011 _eОмск _3RU\NLR\AUTH\8810230678 _9346344 |
| 801 | 0 |
_aRU _bОмская ГОНБ _c20120717 _grcr |
|
| 801 | 1 |
_aRU _bОмская ГОНБ _c20120717 _grcr _2rusmarc |
|
| 801 | 2 |
_aRU _bNLR _c20130111 _grcr |
|
| 830 | _aавт. по базе | ||
| 942 | _cBOOK | ||
| 980 | _aNBR | ||
| 980 | _aNB | ||